[Event "División de Honor Aragonesa 2019 - Encuentros por tableros Global"]
[Site ""]
[Date "2019.02.09"]
[Round "3.32"]
[White "Gomez Salinas, Nestor"]
[Black "Gella Lopez, Angel"]
[Result "1/2-1/2"]
[WhiteElo "1999"]
[BlackElo "2100"]
[PlyCount "0"]
[WhiteTeam "Palacio de Pioneros B"]
[BlackTeam "Atletismo Huesca"]
[EventDate "2019.01.26"]

1. e4 c5 2. Nf3 e6 3. d4 cxd4 4. Nxd4 Nc6 5. Nb5 d6 6. Bf4 e5 7. Be3 Nf6 8.
N1c3 Be6 9. Nd5 Bxd5 10. exd5 Ne7 11. c4 a6 12. Nc3 Nf5 13. Bg5 Be7 14. Bxf6
Bxf6 15. Qa4+ Qd7 16. Qxd7+ Kxd7 17. Bd3 Nd4 18. O-O g6 19. Rfe1 Bd8 20. b4 f5
21. Ne2 Nxe2+ 22. Rxe2 b6 1/2-1/2

[Event "ARA Campeonato de Aragon por Equipos Preferente Grupo I (204363)"]
[Site ""]
[Date "2019.02.09"]
[Round "3.33"]
[White "Romon Poves, Raul"]
[Black "Pache Marconell, Juan"]
[Result "1-0"]
[WhiteElo "2257"]
[BlackElo "1870"]
[PlyCount "0"]
[WhiteTeam "Shatranj"]
[BlackTeam "Teruel B"]
[EventDate "2019.01.26"]

1. e4 e6 2. d4 d5 3. Nc3 Nf6 4. Bg5 Be7 5. e5 Ne4 6. Bxe7
Qxe7 7. Nxe4 dxe4 8. c3 e3 9. f4 g5 10. Qf3 c5 11. Bb5+ Nd7 12. Ne2 cxd4 13.
cxd4 O-O 14. Qxe3 gxf4 15. Nxf4 Nb6 16. O-O Nd5 17. Qe4 f5 18. exf6 Nxf6 19.
Qe5 a6 20. Nd5 1-0

[Event "ARA Campeonato de Aragon por Equipos Preferente Grupo I (204363)"]
[Site ""]
[Date "2019.02.09"]
[Round "3.34"]
[White "Abancens Fernandez, Bernardo"]
[Black "Franco Ibanez, Carlos"]
[Result "1/2-1/2"]
[WhiteElo "1818"]
[BlackElo "1978"]
[PlyCount "0"]
[WhiteTeam "Teruel B"]
[BlackTeam "Shatranj"]
[EventDate "2019.01.26"]

1. d4 Nf6 2. c4 e6 3. Nc3 Bb4 4. Qc2 c5 5. e3 Nc6 6. Nf3
d5 7. a3 cxd4 8. exd4 Be7 9. h3 dxc4 10. Be3 Na5 11. Ne5 O-O 12. Nxc4 Nxc4 13.
Bxc4 Bd7 14. O-O Bc6 15. Rac1 Rc8 16. Qe2 a6 17. Ba2 Re8 18. Rcd1 Qd7 19. Bf4
Nd5 20. Nxd5 Bxd5 21. Bb1 1/2-1/2

[Event "ARA Campeonato de Aragon por Equipos Preferente Grupo I (204363)"]
[Site ""]
[Date "2019.02.09"]
[Round "3.35"]
[White "Osorio Marin, Luis Alejandro"]
[Black "Andres Escorihuela, Alejandro"]
[Result "1-0"]
[WhiteElo "1961"]
[BlackElo "1669"]
[PlyCount "0"]
[WhiteTeam "Shatranj"]
[BlackTeam "Teruel B"]
[EventDate "2019.01.26"]

1. Nf3 Nf6 2. c4 d5 3. g3 dxc4 4. Bg2 c6 5. a4 Bf5 6. Na3
e6 7. Nxc4 Be7 8. O-O O-O 9. b3 Nbd7 10. Bb2 Nb6 11. d3 Nxc4 12. bxc4 Qc7 13.
a5 Rab8 14. Ra2 b5 15. Ne5 bxc4 16. Nxc6 Rb4 17. Nxe7+ Qxe7 18. Ba3 Qc7 19.
Bxb4 1-0

[Event "ARA Campeonato de Aragon por Equipos Preferente Grupo I (204363)"]
[Site ""]
[Date "2019.02.09"]
[Round "3.37"]
[White "Planas Torrea, Francisco Javier"]
[Black "Miranda Herrera, Jorge Manuel"]
[Result "1-0"]
[WhiteElo "2060"]
[BlackElo "1950"]
[PlyCount "0"]
[WhiteTeam "Ejea"]
[BlackTeam "Monsalud-Soluzion"]
[EventDate "2019.01.26"]

1. e4 d5 2. exd5 Nf6 3. Nc3 Nxd5 4. Bc4 Nb6 5. Bb3 Nc6 6. Nf3 Bf5 7. d4 e6 8.
h3 Be7 9. Ne2 Bf6 10. c3 Qe7 11. g4 Be4 12. Ng3 Bd5 13. Bxd5 exd5+ 14. Qe2 g6
15. Bh6 Kd7 16. Qxe7+ Bxe7 17. O-O-O a5 18. Rde1 a4 19. Re2 Nc4 20. Rhe1 b5 21.
Ne5+ N6xe5 22. dxe5 Ra6 23. Rd1 c6 24. Ne4 Nxe5 25. Bg7 Ke6 26. Nc5+ 1-0

[Event "ARA Campeonato de Aragon por Equipos Preferente Grupo I (204363)"]
[Site ""]
[Date "2019.02.09"]
[Round "3.38"]
[White "Miranda Garcia, Eduardo"]
[Black "Planas Torrea, Alberto"]
[Result "1-0"]
[WhiteElo "1788"]
[BlackElo "1915"]
[PlyCount "0"]
[WhiteTeam "Monsalud-Soluzion"]
[BlackTeam "Ejea"]
[EventDate "2019.01.26"]


1. e4 e5 2. Nf3 Nc6 3. Bc4 Nf6 4. O-O Bc5 5. d4 exd4 6. e5 d5 7. exf6 dxc4 8.
Re1+ Be6 9. Ng5 Qd5 10. Nc3 Qf5 11. Nce4 O-O-O 12. Nxe6 fxe6 13. fxg7 Rhg8 14.
Nxc5 Qxc5 15. Qg4 Qf5 16. Qxf5 exf5 17. Bg5 Rd6 18. Be7 Nxe7 19. Rxe7 Rd7 20.
Rae1 Rxg7 21. Re8+ Rd8 22. f4 Rxe8 23. Rxe8+ Kd7 24. Re5 Kd6 25. Rxf5 Re7 26.
Kf2 a6 27. g4 d3 28. cxd3 cxd3 29. Rf8 Re2+ 30. Kf3 Ke7 31. Rc8 Kd7 32. Rf8
Rxh2 33. Rf5 Kd6 34. Ke4 Rxb2 35. Rd5+ Kc6 36. Rxd3 Rxa2 37. Rh3 Re2+ 38. Kf5
Re7 39. Kf6 Kd7 40. f5 Ke8 41. Kg5 Rg7+ 42. Kf4 a5 43. Ra3 b6 44. Rc3 a4 45. f6
Rf7 46. Kf5 c5 47. Ke6 Ra7 48. g5 a3 49. g6 hxg6 50. Rh3 Kd8 51. Rh8+ Kc7 52.
f7 a2 1-0

[Event "ARA Campeonato de Aragon por Equipos Preferente Grupo I (204363)"]
[Site ""]
[Date "2019.02.09"]
[Round "3.39"]
[White "Marcellan Peire, Jesus Eduardo"]
[Black "Miranda Herrera, Miguel"]
[Result "0-1"]
[WhiteElo "1904"]
[BlackElo "1748"]
[PlyCount "0"]
[WhiteTeam "Ejea"]
[BlackTeam "Monsalud-Soluzion"]
[EventDate "2019.01.26"]

1. d4 Nf6 2. c4 g6 3. Nc3 d5 4. cxd5 Nxd5 5. Nxd5 Qxd5 6. e3 Bg7 7. b3 c5 8.
Bb2 cxd4 9. Qd2 Nc6 10. Nf3 Bg4 11. Bc4 Qd6 12. Ng5 O-O 13. h3 Bd7 14. Rd1 dxe3
15. Qxd6 exf2+ 16. Kxf2 exd6 17. Bxg7 Kxg7 18. Rxd6 Rad8 19. Rhd1 Bc8 20. Kg1
Rxd6 21. Rxd6 h6 22. Ne4 Na5 23. Bd5 b6 24. b4 Nb7 25. Rc6 Rd8 26. Bb3 Bf5 27.
Ng3 Rd7 28. Nxf5+ gxf5 29. Ba4 Rd2 30. Bb3 Rd7 31. Ba4 Rd4 32. a3 Nd6 33. Rc7
a5 34. Rd7 axb4 35. Bb3 bxa3 36. Bxf7 Rd1+ 37. Kh2 Rd2 38. Bd5+ Kf6 39. Rxd6+
Ke5 40. Rxb6 Kxd5 41. Rxh6 a2 42. Ra6 f4 43. Ra8 Kc4 44. h4 f3 45. Rc8+ Kb3 46.
Rb8+ Kc2 47. Ra8 Rxg2+ 48. Kh1 Kb1 49. Rb8+ 0-1

[Event "ARA Campeonato de Aragon por Equipos Preferente Grupo I (204363)"]
[Site ""]
[Date "2019.02.09"]
[Round "3.40"]
[White "Castera Montagud, Rafael"]
[Black "Asin Jimenez, Pedro Jose"]
[Result "1-0"]
[WhiteElo "1671"]
[BlackElo "1735"]
[PlyCount "0"]
[WhiteTeam "Monsalud-Soluzion"]
[BlackTeam "Ejea"]
[EventDate "2019.01.26"]

1. e4 e5 2. Nf3 Nc6 3. Bc4 Nf6 4. d4 exd4 5. O-O Nxe4 6. Nxd4 d5 7. Bb5 Bd7 8.
Re1 Nxd4 9. Bxd7+ Qxd7 10. Qxd4 Bc5 11. Qxc5 b6 12. Qa3 Kd8 13. Nc3 Re8 14.
Nxe4 Qf5 15. Be3 Rxe4 16. Rad1 c5 17. Qd3 Kc7 18. Qxd5 Qxd5 19. Rxd5 Rae8 20.
g3 Kc6 21. Red1 R8e7 22. b3 h6 23. h4 Kb5 24. a3 Kc6 25. Kg2 f6 26. a4 g5 27.
hxg5 fxg5 28. a5 Kc7 29. a6 Kc6 30. Rd8 Rc7 31. R1d5 Rf7 32. Rc8+ Rc7 33. Rxc7+
Kxc7 34. Kf3 Re7 35. Kg4 Kc6 36. Rd8 Rc7 37. Rh8 1-0

[Event "ARA Campeonato de Aragon por Equipos Preferente Grupo I (204363)"]
[Site ""]
[Date "2019.02.09"]
[Round "3.41"]
[White "Antonano Fedz-Quincoces, Avelino"]
[Black "Sanchez Herrera, Miguel"]
[Result "0-1"]
[WhiteElo "2164"]
[BlackElo "2088"]
[PlyCount "0"]
[WhiteTeam "St. Casablanca C"]
[BlackTeam "Agrupacion B"]
[EventDate "2019.01.26"]

1.e4 c5 2.Nf3 Nc6 3.d4 cxd4 4.Nxd4 Nf6 5.Nc3 e5 6.Ndb5 d6 7.Bg5 a6 8.Na3 b5 9.
Bxf6 gxf6 10.Nd5 Bg7 11.c3 f5 12.exf5 Bxf5 13.Nc2 O-O 14.Nce3 Be6 15.g3 Rb8
16.Bg2 f5 17.Qh5 b4 18.O-O bxc3 19.bxc3 Kh8 20.Rab1 Qd7 21.Nb6 Qc7 22.Ned5 Qa7
23.Qe2 Rf7 24.Nf4 exf4 25.Qxe6 f3 26.Bxf3 Ne5 27.Bh5 Rf6 28.Nc8 Qa8 29.Qe7
Rxc8 30.Rb7 Rg8 31.f4 Ng6 32.Bxg6 Rxg6 33.Re1 Qd8 34.Qe3 Qa5 0-1

[Event "ARA Campeonato de Aragon por Equipos Preferente Grupo I (204363)"]
[Site ""]
[Date "2019.02.09"]
[Round "3.42"]
[White "Montes Santos, Lorenzo"]
[Black "Garcia Andres, Daniel"]
[Result "1-0"]
[WhiteElo "2052"]
[BlackElo "1992"]
[PlyCount "0"]
[WhiteTeam "Agrupacion B"]
[BlackTeam "St. Casablanca C"]
[EventDate "2019.01.26"]

1.Nf3 g6 2.c4 d6 3.d4 Bg7 4.Nc3 Nd7 5.g3 e5 6.Bg2 Ngf6 7.O-O O-O 8.h3 exd4 9.
Nxd4 Ne5 10.b3 c6 11.Bb2 Re8 12.e4 Ned7 13.Qd2 Nc5 14.Rfe1 Nfd7 15.Nf3 Ne5 16.
Nxe5 Bxe5 17.Rad1 Ne6 18.f4 Bd4+ 19.Kh2 c5 20.f5 Ng7 21.Nd5 Be5 22.Bxe5 dxe5
23.f6 Ne6 24.Qh6 Kh8 25.h4 Qa5 26.Ne7 Bd7 27.Rxd7 Qxe1 28.Nxg6+ Kg8 29.Rxf7
Kxf7 30.Nxe5+ Kg8 31.f7+ Kh8 32.Ng6#

[Event "ARA Campeonato de Aragon por Equipos Preferente Grupo I (204363)"]
[Site ""]
[Date "2019.02.09"]
[Round "3.43"]
[White "Rodes Apilluelo, Jose Maria"]
[Black "Carruez Berges, Santiago"]
[Result "1/2-1/2"]
[WhiteElo "1909"]
[BlackElo "2024"]
[PlyCount "0"]
[WhiteTeam "St. Casablanca C"]
[BlackTeam "Agrupacion B"]
[EventDate "2019.01.26"]

1.e4 e6 2.d3 d5 3.Nd2 Nc6 4.Ngf3 Nf6 5.g3 dxe4 6.dxe4 e5 7.Bg2 h6 8.h3 Be6 9.
c3 Qd7 10.Qc2 a5 11.a4 Bc5 12.Nf1 Bc4 13.Be3 Bd3 14.Qb3 Bxf1 15.Bxf1 Bxe3 16.
fxe3 Nxe4 17.Rd1 Qf5 18.Qxb7 O-O 19.Bg2 Nxg3 20.Qxc6 Nxh1 21.Bxh1 Qxh3 22.Kf2
Rab8 23.Bg2 Rxb2+ 24.Rd2 Rxd2+ 25.Nxd2 Qh4+ 26.Ke2 Rd8 27.Nc4 Qg4+ 28.Bf3 Qg1
29.Qxc7 Qd1+ 30.Kf2 Qc2+ 31.Kg3 Qg6+ 32.Kf2 Qc2+ 33.Kg3 1/2-1/2

[Event "ARA Campeonato de Aragon por Equipos Preferente Grupo I (204363)"]
[Site ""]
[Date "2019.02.09"]
[Round "3.44"]
[White "Carruez Berges, Fernando"]
[Black "Alvarez Gonzalo, Miguel Angel"]
[Result "1-0"]
[WhiteElo "1993"]
[BlackElo "1817"]
[PlyCount "0"]
[WhiteTeam "Agrupacion B"]
[BlackTeam "St. Casablanca C"]
[EventDate "2019.01.26"]

1.e4 c5 2.Nc3 Nc6 3.g3 Nf6 4.Bg2 d6 5.Nge2 g6 6.O-O Bg7 7.d3 O-O 8.h3 a6 9.g4
Rb8 10.a4 b5 11.axb5 axb5 12.Ng3 b4 13.Nce2 Nd7 14.f4 Qb6 15.Kh2 Nd4 16.f5 b3
17.c3 Nc2 18.Rb1 Ba6 19.Nf4 Ne5 20.Nd5 Qa7 21.c4 Nb4 22.Nxb4 Rxb4 23.Ra1 Rbb8
24.Ne2 Qb6 25.Nf4 Bb7 26.Bd2 Nd7 27.Ba5 Qc6 28.e5 Qc8 29.Bxb7 Rxb7 
30.f6 exf6 31.Nd5 Nxe5 32.Nxf6+ Kh8 33.Bc3 Qe6 34.g5 h6 35.Ne4 Rc8 36.Ra6 Nc6
37.Rf6 Bxf6 38.Bxf6+ Kh7 39.gxh6 1-0

[Event "ARA Campeonato de Aragon por Equipos Preferente Grupo I (204363)"]
[Site ""]
[Date "2019.02.09"]
[Round "3.45"]
[White "Sierra Aguerri, Joaquin"]
[Black "Hinojar Basa, Alfonso"]
[Result "0-1"]
[WhiteElo "2082"]
[BlackElo "2192"]
[PlyCount "0"]
[WhiteTeam "Tauste"]
[BlackTeam "Marcos Frechin A"]
[EventDate "2019.01.26"]

1. e4 e6 2. d4 d5 3. Bd3 dxe4 4. Bxe4 Nf6 5. Bf3 c5 6. Ne2 cxd4 7. Qxd4 Nbd7 8.
Nbc3 Bc5 9. Qf4 Qe7 10. O-O Bd6 11. Qe3 Ne5 12. Rd1 O-O 13. Ng3 Nxf3+ 14. Qxf3
h6 15. b3 Bd7 16. Qxb7 Rac8 17. Bb2 Be5 18. Na4 Bxb2 19. Nxb2 Rxc2 20. Nc4 Qc5
21. Qf3 Bb5 22. Rdc1 Rxc1+ 23. Rxc1 Rc8 24. Ne4 Nxe4 25. Qxe4 Qg5 26. Qe3 Qxe3
27. fxe3 Kf8 28. Kf2 Ke7 29. Ke2 e5 30. Kd3 Ke6 31. a4 Bc6 32. g3 f5 33. Nb2
Be4+ 34. Kd2 Rxc1 35. Kxc1 g5 36. Kd2 f4 37. exf4 gxf4 38. gxf4 exf4 39. Nd3
Bxd3 40. Kxd3 Kd5 41. b4 f3 42. h4 f2 43. Ke2 Kc4 44. Kxf2 Kxb4 45. Kg3 Kxa4
46. Kg4 0-1

[Event "ARA Campeonato de Aragon por Equipos Preferente Grupo I (204363)"]
[Site ""]
[Date "2019.02.09"]
[Round "3.46"]
[White "Ciriano Lamban, Alejandro"]
[Black "Fernandez Rubio, Rafael"]
[Result "1-0"]
[WhiteElo "2041"]
[BlackElo "2054"]
[PlyCount "0"]
[WhiteTeam "Marcos Frechin A"]
[BlackTeam "Tauste"]
[EventDate "2019.01.26"]


1. Nf3 d5 2. c4 c6 3. g3 Nf6 4. Bg2 e6 5. O-O Be7 6. d4 O-O 7. Nbd2 b6 8. Qc2
Bb7 9. e4 dxc4 10. Nxc4 c5 11. e5 Nd5 12. dxc5 Bxc5 13. Ng5 g6 14. Ne4 Be7 15.
Bh6 Re8 16. Ncd6 Ba6 17. Rfd1 Nd7 18. Nxe8 Qxe8 19. Nd6 Bxd6 20. exd6 Bb7 21.
Qd2 f6 22. Rac1 Qb8 23. Rc7 Ne5 24. Rdc1 Nf7 25. Bxd5 Bxd5 26. d7 Ne5 27. Rc8+
Kf7 28. Qxd5 exd5 29. d8=Q Qb7 30. R1c7+ 1-0

[Event "ARA Campeonato de Aragon por Equipos Preferente Grupo I (204363)"]
[Site ""]
[Date "2019.02.09"]
[Round "3.47"]
[White "Sancho Casale, Jesus"]
[Black "Ruiperez Gumiel, Ramon"]
[Result "0-1"]
[WhiteElo "1970"]
[BlackElo "1873"]
[PlyCount "0"]
[WhiteTeam "Tauste"]
[BlackTeam "Marcos Frechin A"]
[EventDate "2019.01.26"]

1. e4 c5 2. c3 Qa5 3. Nf3 Nc6 4. Bd3 d6 5. h3 Nf6 6. O-O g5 7. Na3 Rg8 8. Nc4
Qc7 9. Ne3 g4 10. hxg4 Bxg4 11. Nd5 Nxd5 12. exd5 Ne5 13. Bb5+ Kd8 14. Be2 Bxf3
15. Bxf3 Qd7 16. d4 cxd4 17. cxd4 Nxf3+ 18. Qxf3 Qg4 19. Qxg4 Rxg4 20. f4 Rc8
21. Rf2 Bg7 22. Be3 Rg3 23. Rf3 Rxf3 24. gxf3 Rc2 25. Rb1 Re2 26. Bf2 Rd2 27.
a3 Bxd4 28. Bxd4 Rxd4 29. Kf2 Rxd5 30. Ke3 Rb5 31. a4 Rb4 32. a5 Kd7 33. Rh1
Rxb2 34. Rxh7 f5 35. Rh8 Rb5 36. Rb8 Kc7 37. Re8 e5 38. Re7+ Kc6 39. a6 bxa6
40. Rxa7 a5 41. fxe5 dxe5 0-1

[Event "ARA Campeonato de Aragon por Equipos Preferente Grupo I (204363)"]
[Site ""]
[Date "2019.02.09"]
[Round "3.48"]
[White "Torres Ferrandez, Mario"]
[Black "Muro Turon, Raul"]
[Result "0-1"]
[WhiteElo "1872"]
[BlackElo "1830"]
[PlyCount "0"]
[WhiteTeam "Marcos Frechin A"]
[BlackTeam "Tauste"]
[EventDate "2019.01.26"]

1. d4 Nf6 2. Nf3 e6 3. Bf4 d5 4. e3 c5 5. c3 Nc6 6. Nbd2 Bd6 7. Bg3 b6 8. Bd3
Bb7 9. Ne5 O-O 10. f4 Ne7 11. Qf3 Nf5 12. Bf2 Be7 13. g4 Nd6 14. g5 Nfe4 15.
Qh3 Rc8 16. Ke2 cxd4 17. exd4 b5 18. Ndf3 a6 19. Rhg1 Nf5 20. Ng4 b4 21. Nf6+
Bxf6 22. gxf6 Qxf6 23. Ne5 Qe7 24. Qg4 bxc3 25. bxc3 Nxc3+ 26. Kf3 Ne4 27. h4
f6 28. Ng6 hxg6 29. Qxg6 Qf7 30. Qg4 Rc3 31. Rac1 Nxf2 32. Kxf2 0-1

[Event "ARA Campeonato de Aragon por Equipos Preferente Grupo I (204363)"]
[Site ""]
[Date "2019.02.09"]
[Round "3.49"]
[White "Sanchez Castro, Roberto"]
[Black "Galve Guinea, Alejandro"]
[Result "1-0"]
[WhiteElo "2037"]
[BlackElo "2001"]
[PlyCount "0"]
[WhiteTeam "Ibercaja B"]
[BlackTeam "El Olivar C"]
[EventDate "2019.01.26"]

1.d3 Nf6 2.g3 g6 3.Bg2 Bg7 4.Nd2 O-O 5.e3 c5 6.Ne2 Nc6 7.O-O d6 8.h3 Bd7 9.f4
Rb8 10.c3 b5 11.e4 b4 12.Nc4 bxc3 13.bxc3 Qc8 14.g4 Ne8 15.f5 Ne5 16.Nxe5 dxe5
17.c4 e6 18.fxg6 hxg6 19.g5 Nc7 20.Ng3 Rd8 21.Nh1 Be8 22.Rf3 Qd7 23.Nf2 Na6
24.Be3 Rb2 25.Bf1 Qa4 26.Qe1 Rxa2 27.Rxa2 Qxa2 28.Ng4 Kf8 29.Rf2 Qa3 30.Nf6 Rb8
31.Rc2 Rb2 32.Rxb2 Qxb2 33.Qa5 Qb6 34.Qxa6 1-0

[Event "ARA Campeonato de Aragon por Equipos Preferente Grupo I (204363)"]
[Site ""]
[Date "2019.02.09"]
[Round "3.50"]
[White "Sarto Ramos, Angel"]
[Black "Villalba Embid, Marcos"]
[Result "1/2-1/2"]
[WhiteElo "1891"]
[BlackElo "2020"]
[PlyCount "0"]
[WhiteTeam "El Olivar C"]
[BlackTeam "Ibercaja B"]
[EventDate "2019.01.26"]

1.Nf3 d6 2.d4 Nf6 3.Nc3 g6 4.Bg5 Bg7 5.Qd2 O-O 6.Bh6 Nbd7 7.Bxg7 Kxg7 8.O-O-O c5
9.h4 b5 10.e4 b4 11.e5 bxc3 12.exf6+ Nxf6 13.Qxc3 Bd7 14.h5 cxd4 15.Rxd4 Rc8
16.Qd2 Bf5 17.Bd3 Bxd3 18.Rxd3 Rh8 19.hxg6 hxg6 20.Nh4 Qd7 21.Rdh3 Rh5 22.f3
Rch8 23.g4 R5h7 24.g5 Nh5 25.Ng2 Qf5 26.Qd4+ Qe5 27.Qxe5+ dxe5 28.Ne3 Rd8 29.Ng4
f6 30.gxf6+ exf6 31.Nf2 f5 32.Nd3 Kf6 33.Re1 Re7 34.Rhh1 Rde8 35.b4 e4 36.fxe4
Rxe4 37.Rxe4 Rxe4 38.Re1 Rxe1+ 39.Nxe1 g5 40.b5 Ke6 41.c4 g4 42.c5 g3 43.b6 axb6
44.cxb6 Kd6 45.a4 Kc6 46.a5 Nf4 47.Nf3 Ne6 48.Kd2 Nd8 49.Ke2 Kb5 50.Nd4+ Kxa5
51.Nxf5 Kxb6 52.Nxg3 1/2-1/2

[Event "ARA Campeonato de Aragon por Equipos Preferente Grupo I (204363)"]
[Site ""]
[Date "2019.02.09"]
[Round "3.51"]
[White "Millan Martin, Alfonso"]
[Black "Labrador Postigo, Francisco M."]
[Result "1-0"]
[WhiteElo "1914"]
[BlackElo "1876"]
[PlyCount "0"]
[WhiteTeam "Ibercaja B"]
[BlackTeam "El Olivar C"]
[EventDate "2019.01.26"]

1.c4 c5 2.Nf3 Nf6 3.g3 b6 4.Bg2 Bb7 5.O-O e6 6.b3 d6 7.Bb2 Be7 8.Nc3 a6 9.d4
cxd4 10.Qxd4 Qc7 11.Rfd1 O-O 12.Ne1 Bxg2 13.Nxg2 Nbd7 14.Rd2 Rfd8 15.Ne1 Rac8
16.Rad1 Ne5 17.Nd3 Nc6 18.Qf4 e5 19.Qe3 Nd4 20.Nb4 Ng4 21.Qe4 Nf6 22.Qg2 Qa7
23.e3 a5 24.Nbd5 Nxd5 25.Nxd5 Ne6 26.Ba3 Nc5 27.Nc3 Qb8 28.Nb5 h6 29.Bxc5 dxc5
30.Rd5 Bf6 31.Qe4 Qa8 32.a4 g6 33.Rxd8+ Rxd8 34.Qxa8 Rxa8 35.Rd6 Bd8 36.Kg2 Kg7
37.Kf3 f5 38.e4 Rb8 39.Nc3 Bg5 40.Nd5 Bd8 41.Rd7+ Kg8 42.exf5 gxf5 43.g4 fxg4+
44.Kxg4 Bg5 45.h4 Bc1 46.Kf5 Re8 47.Nf6+ 1-0

[Event "ARA Campeonato de Aragon por Equipos Preferente Grupo I (204363)"]
[Site ""]
[Date "2019.02.09"]
[Round "3.52"]
[White "De La Riva Fernandez, Eduardo"]
[Black "Garcia Monterde, Francisco Jose"]
[Result "0-1"]
[WhiteElo "1794"]
[BlackElo "1872"]
[PlyCount "0"]
[WhiteTeam "El Olivar C"]
[BlackTeam "Ibercaja B"]
[EventDate "2019.01.26"]

1.e4 c5 2.Nf3 e6 3.d4 cxd4 4.Nxd4 Nf6 5.Nc3 Nc6 6.Be3 a6 7.f4 Bb4 8.Qd3 d5
9.exd5 Qxd5 10.Nxc6 Qxc6 11.O-O-O O-O 12.Bd4 Be7 13.Be2 Rd8 14.Bf3 Qd6 15.Qe3
Qb4 16.a3 Qc4 17.g4 Bd7 18.g5 Ne8 19.Be2 Qc6 20.Bd3 Bf8 21.h4 Rac8 22.h5 Bc5
23.g6 fxg6 24.h6 Bxd4 25.Qxd4 Qc5 26.Be4 Qxd4 27.Rxd4 Bc6 28.Rxd8 Rxd8 29.hxg7
Kxg7 30.Bxc6 bxc6 31.Ne4 Nc7 32.Ng5 h6 33.Nf3 Nd5 34.Ne5 Nxf4 35.Nxc6 Rd6 36.Ne5
h5 37.Rh2 Kf6 38.Nc4 Rd4 39.Nd2 g5 40.c3 Rd3 41.Kc2 Kf5 42.c4 Rd8 43.c5 g4
44.Nf1 Kg5 45.Ng3 Rd4 46.Rd2 Rxd2+ 47.Kxd2 h4 48.c6 Nd5 49.Ne2 g3 50.Ke1 Kg4
51.Kf1 h3 52.Nc3 Nc7 53.Ne4 Kf4 54.Nd2 e5 55.b4 e4 56.Nb1 e3 57.Nc3 Kf3 58.a4 h2 0-1

[Event "ARA Campeonato de Aragon por Equipos Preferente Grupo II (204366)"]
[Site ""]
[Date "2019.02.09"]
[Round "3.53"]
[White "Veras Sanz, Marino"]
[Black "Vallverdu Miret, Oscar"]
[Result "0-1"]
[WhiteElo "2084"]
[BlackElo "2089"]
[PlyCount "0"]
[WhiteTeam "El Olivar B"]
[BlackTeam "Fraga"]
[EventDate "2019.01.26"]

1. Nf3 Nf6 2. g3 g6 3. Bg2 Bg7 4. O-O O-O 5. d4 d5 6. c4 c5 7. dxc5 dxc4 8. Qa4 Na6
9. c6 bxc6 10. Ne5 Nb8 11. Nxc6 Nxc6 12. Qxc6 Rb8 13. Qxc4 Qb6 14. Nc3 Be6 15. Qf4
Rfc8 16. Be3 Nh5 17. Bxb6 Nxf4 18. Bxa7 Rxb2 19. gxf4 Bxc3 20. e4 Rb7 21. Be3 Bxa1
22. Rxa1 Rb2 23. a4 Rcb8 24. Bf1 Rb1 25. Rxb1 Rxb1 26. Kg2 Ra1 27. Bb5 Bb3 28. Bc5
e6 29. h4 Bxa4 30. Bxa4 Rxa4 31. Kf3 f5 32. e5 Kf7 33. Kg3 Rc4 34. Be3 Ra4 35. Kh3
Kg7 36. Kg3 Kh6 37. Bc5 Kh5 38. Be3 Ra3 39. Kh3 h6 40. Kg3 Rb3 41. Kh3 g5 42. hxg5
hxg5 43. Kg3 g4 44. Kg2 Kh4 45. Bc5 g3 46. f3 Rb2+ 47. Kh1 Kh3  0-1

[Event "ARA Campeonato de Aragon por Equipos Preferente Grupo II (204366)"]
[Site ""]
[Date "2019.02.09"]
[Round "3.54"]
[White "Casas Chine, German"]
[Black "Gracia Campo, Carlos Alberto"]
[Result "0-1"]
[WhiteElo "1785"]
[BlackElo "2074"]
[PlyCount "0"]
[WhiteTeam "Fraga"]
[BlackTeam "El Olivar B"]
[EventDate "2019.01.26"]

1. e4 d6 2. d4 Nf6 3. Nc3 g6 4. f4 Bg7 5. Nf3 c5 6. Bb5+ Nfd7 7. Be3 O-O 8. h4 h5
9. Qd2 a6 10. Bc4 b5 11. Bd5 Ra7 12. a3 e6 13. Bb3 c4 14. Ba2 Nf6 15. Nh2 Re7 16.
e5 Nd5 17. Ne4 dxe5 18. fxe5 Nxe3 19. Qxe3 Rd7 20. Nf3 Bb7 21. c3 Bxe4 22. Qxe4
Bh6 23. O-O Rd5 24. a4 Nc6 25. axb5 axb5 26. b3 Na5 27. Rfb1 Nxb3 28. Bxb3 cxb3
29. Rxb3 Qc7 30. Qd3 Rc8 31. Ng5 Bxg5 32. hxg5 Qxe5 33. Rxb5 Qxg5 34. c4 Rxb5 35.
cxb5 Rb8 36. Rb1 Rb6 37. Qc4 Qe3+ 38. Kh1 Rd6 39. b6 Qe4 40. Rb3 Rxd4 41. Qc8+ Kh7
42. b7 Rd1+ 43. Kh2 Rd2 44. Rg3 Qh4+ 45. Rh3 Qf4+ 46. Rg3 Rb2 47. Kh3 g5 48. Rxg5
Rb3+ 49. g3 Qf1+  0-1

[Event "ARA Campeonato de Aragon por Equipos Preferente Grupo II (204366)"]
[Site ""]
[Date "2019.02.09"]
[Round "3.55"]
[White "Bailo Remacha, Santiago"]
[Black "Agustin De Dios, Adrian"]
[Result "1-0"]
[WhiteElo "1965"]
[BlackElo "1717"]
[PlyCount "0"]
[WhiteTeam "El Olivar B"]
[BlackTeam "Fraga"]
[EventDate "2019.01.26"]

1. g3 e5 2. Bg2 Nf6 3. c4 Bc5 4. Nc3 Nc6 5. e3 O-O 6. Nf3 d6 7. O-O a6 8. d4 Ba7
9. a3 Bg4 10. h3 Bd7 11. b4 Qc8 12. Kh2 exd4 13. exd4 Nd8 14. Bg5 Bf5 15. Bxf6 gxf6
16. Nd5 Kg7 17. Nh4 Bg6 18. Qf3 Bxd4 19. Ne7 Qe6 20. Nef5+ Kg8 21. Nxd4 Qxc4 22.
Qxf6 Ne6 23. Ndf5  1-0

[Event "ARA Campeonato de Aragon por Equipos Preferente Grupo II (204366)"]
[Site ""]
[Date "2019.02.09"]
[Round "3.56"]
[White "Barbe Pozas, Saturnino"]
[Black "Munoz Valles, Jorge"]
[Result "1-0"]
[WhiteElo "1683"]
[BlackElo "1441"]
[PlyCount "0"]
[WhiteTeam "Fraga"]
[BlackTeam "El Olivar B"]
[EventDate "2019.01.26"]

1. d4 Nf6 2. Nd2 g6 3. e4 d6 4. Ngf3 Nbd7 5. Bd3 e5 6. d5 Bg7 7. O-O O-O 8. Nb3 c6
9. c4 Qc7 10. Bd2 b6 11. a4 Ba6 12. Rc1 Qb7 13. Bb4 Nc5 14. Bxc5 dxc5 15. Nxe5 Nxd5
16. Nxc6 Qxc6 17. exd5 Qxa4 18. Ra1 Qd7 19. Rxa6 Bxb2 20. Qc2 Bg7 21. Re1 Qb7 22.
Qa2 Rfd8 23. Qa4 Bf8 24. Nd2 b5 25. Qxb5 Qxb5 26. cxb5 Rxd5 27. Be4 Re8 28. Bxd5
Rxe1+ 29. Nf1 Rd1 30. Bc6 c4 31. Rxa7 Bc5 32. Ra2 Rc1 33. Be4 Re1 34. Bf3 c3 35.
Rc2 Bd4 36. g3 Rb1 37. Be2 Kf8 38. Kg2 f5 39. Ne3 Ke8 40. Nd5 Rb3 41. Bc4 Ra3 42.
Kf3 Ra4 43. Bd3 Ra3 44. Ke2 Kd7 45. Bc4 Kd6 46. Kd3 Kc5 47. Nxc3 Bg7 48. Bg8 Kb4
49. Rb2+ Kc5 50. Rb3 Rxb3 51. Bxb3 Kb4 52. Nd5+ Kxb3 53. b6 Be5 54. Ne7 Bd6 55.
b7 f4 56. Nc6 fxg3 57. hxg3 h5 58. b8=Q+ Bxb8 59. Nxb8 g5 60. Ke4 Kc4 61. Kf5 h4
62. gxh4 gxh4 63. Kg4  1-0

[Event "ARA Campeonato de Aragon por Equipos Preferente Grupo II (204366)"]
[Site ""]
[Date "2019.02.09"]
[Round "3.57"]
[White "Barranco Mananet, Fernando"]
[Black "Buisan Zaharia, Pedro"]
[Result "1-0"]
[WhiteElo "2045"]
[BlackElo "1918"]
[PlyCount "0"]
[WhiteTeam "Monzon"]
[BlackTeam "Jaque B"]
[EventDate "2019.01.26"]

1. e4 c5 2. Nf3 e6 3. Nc3 Nc6 4. a3 Be7 5. d4 cxd4 6. Nxd4 Nf6 7. Be3 O-O 8.
Be2 d6 9. Qd2 e5 10. Nb3 Be6 11. O-O-O Rc8 12. Kb1 a6 13. f3 b5 14. g4 Bxb3 15.
cxb3 b4 16. Nd5 Nxd5 17. Qxd5 bxa3 18. bxa3 Nb8 19. Rc1 Qd7 20. Rxc8 Rxc8 21.
Bc4 Bf8 22. Rd1 Rc6 23. h3 Qb7 24. f4 Qc7 25. Ka2 Qe7 26. Rd2 h6 27. h4 exf4
28. Bxf4 Qf6 29. Be3 Rc7 30. Bb6 Re7 31. Bd8 Qe6 32. Bxe7 Qxd5 33. Bxd5 Bxe7
1-0